[Event "LSS SN-2009-0-00202"]
[Site "LSS email"]
[Date "2009.12.01"]
[Round "?"]
[White "Pehl, Ferenc"]
[Black "Tr, Ragu"]
[Result "1-0"]
[WhiteElo "841"]
[BlackElo "753"]
[PlyCount "107"]
[EventDate "2009.11.09"]
[EventType "tourn (corr)"]
[EventRounds "6"]
[EventCountry "GER"]
[SourceTitle "Telechess CBM 147"]
[Source "ChessBase"]
[SourceDate "2012.03.16"]
[SourceVersion "1"]
[SourceVersionDate "2012.03.16"]
[SourceQuality "1"]

1. e4 e5 2. Nf3 Nc6 3. Bb5 Bc5 4. d3 Nf6 5. h3 Nd4 6. Nxd4 Bxd4 7. c3 Bb6 8. 0-0 a6 9. Ba4 c6 10. Bg5 d6 11. Qf3 Bd7 12. Bxf6 Qxf6 13. Qxf6 gxf6 14. Nd2 Rg8 15. Kh2 0-0-0 16. Bb3 Rg7 17. g4 Be6 18. Bxe6+ fxe6 19. Nc4 Ba7 20. f4 h5 21. gxh5 Rdd7 22. fxe5 fxe5 23. Rf6 Rh7 24. Raf1 Rxh5 25. Rxe6 Kc7 26. Rff6 Rdh7 27. Rf3 Rd7 28. Rg6 b5 29. Nd2 a5 30. Kg3 Rdh7 31. Kg2 Rh4 32. Rfg3 Rf4 33. Rg7+ Rxg7 34. Rxg7+ Kb8 35. Nf3 Rf8 36. Kg3 Rd8 37. h4 Be3 38. Kg4 Kc8 39. h5 Rh8 40. Ng5 b4 41. cxb4 axb4 42. b3 d5 43. exd5 cxd5 44. Nf7 Rf8 45. h6 Rxf7 46. Rxf7 Bxh6 47. Kf5 d4 48. Kxe5 Be3 49. Kd5 Kb8 50. Kc5 Kc8 51. Kxb4 Kd8 52. a4 Kc8 53. a5 Bd2+ 54. Kb5 1-0

[Event "LSS RN-2009-0-00241"]
[Site "LSS email"]
[Date "2009.11.29"]
[Round "?"]
[White "Tr, Ragu"]
[Black "Korystin, Pavel"]
[Result "0-1"]
[WhiteElo "760"]
[BlackElo "733"]
[PlyCount "110"]
[EventDate "2009.10.28"]
[EventType "tourn (corr)"]
[EventRounds "6"]
[EventCountry "GER"]
[SourceTitle "Telechess CBM 141"]
[Source "ChessBase"]
[SourceDate "2011.03.17"]
[SourceVersion "1"]
[SourceVersionDate "2011.03.17"]
[SourceQuality "1"]

1. e4 e5 2. Bc4 Nf6 3. d3 d6 4. Nf3 h6 5. Be3 Bg4 6. h3 Bxf3 7. Qxf3 a6 8. Nc3 Be7 9. d4 exd4 10. Bxd4 c5 11. Be3 b5 12. Be2 b4 13. Na4 0-0 14. Bd3 Nc6 15. 0-0 Ne5 16. Qd1 Nxd3 17. cxd3 Qc7 18. Qd2 Rfd8 19. b3 d5 20. Nb2 dxe4 21. d4 Rd7 22. Bf4 Bd6 23. Bxh6 gxh6 24. Qxh6 Be7 25. Rad1 cxd4 26. Nc4 Rd5 27. g4 Nh7 28. h4 a5 29. Nd2 e3 30. Ne4 exf2+ 31. Rxf2 Re8 32. Rdf1 Bxh4 33. Rh2 Rxe4 34. Qxh4 f6 35. Rhf2 Qg7 36. Rg2 d3 37. Rd1 f5 38. Rdd2 fxg4 39. Kh2 g3+ 40. Qxg3 Qxg3+ 41. Rxg3+ Ng5 42. Rgxd3 Rxd3 43. Rxd3 Re2+ 44. Kh1 Kf7 45. Rd5 Ne4 46. Rxa5 Nc3 47. Ra7+ Ke6 48. a4 bxa3 49. Rxa3 Kd6 50. b4 Nd5 51. Rb3 Kc6 52. Kg1 Kb5 53. Kf1 Re4 54. Rb2 Nxb4 55. Re2 Rf4+ 0-1

[Event "LSS RN-2009-0-00241"]
[Site "LSS email"]
[Date "2009.11.27"]
[Round "?"]
[White "Pehl, Ferenc"]
[Black "Tr, Ragu"]
[Result "1-0"]
[WhiteElo "874"]
[BlackElo "796"]
[PlyCount "49"]
[EventDate "2009.10.28"]
[EventType "tourn (corr)"]
[EventRounds "6"]
[EventCountry "GER"]
[SourceTitle "Telechess CBM 137"]
[Source "ChessBase"]
[SourceDate "2010.07.15"]
[SourceVersion "1"]
[SourceVersionDate "2010.07.15"]
[SourceQuality "1"]

1. e4 e5 2. Nf3 Nc6 3. Bb5 Bd6 4. 0-0 Nf6 5. Re1 Nxe4 6. Rxe4 Nd4 7. Nxd4 0-0 8. Nf5 Qf6 9. Nxd6 cxd6 10. Qe2 a6 11. Ba4 b5 12. Bb3 Qg6 13. Rg4 Qf6 14. Bd5 Rb8 15. d3 h6 16. Nc3 Bb7 17. Ne4 Qd8 18. Bxb7 Rxb7 19. Bxh6 g6 20. Bxf8 Qxf8 21. Nxd6 Qxd6 22. Re1 Qe6 23. h3 d6 24. a3 f5 25. Rg3 1-0

[Event "LSS RN-2009-0-00241"]
[Site "LSS email"]
[Date "2009.11.27"]
[Round "?"]
[White "Venturas, Bob"]
[Black "Tr, Ragu"]
[Result "0-1"]
[WhiteElo "2167"]
[BlackElo "808"]
[PlyCount "56"]
[EventDate "2009.10.28"]
[EventType "tourn (corr)"]
[EventRounds "6"]
[EventCountry "GER"]
[SourceTitle "Telechess CBM 137"]
[Source "ChessBase"]
[SourceDate "2010.07.15"]
[SourceVersion "1"]
[SourceVersionDate "2010.07.15"]
[SourceQuality "1"]

1. e4 e5 2. Nf3 Nc6 3. h3 Nf6 4. Nc3 Bb4 5. d3 Bxc3+ 6. bxc3 d6 7. Ba3 Be6 8. Be2 Qd7 9. Qb1 b6 10. Qd1 0-0 11. Qd2 Rfd8 12. Qe3 d5 13. exd5 Nxd5 14. Qd2 Nf4 15. 0-0-0 Bxa2 16. c4 Nd4 17. Nxd4 Qxd4 18. c3 Nxe2+ 19. Qxe2 Qxc3+ 20. Qc2 Qxa3+ 21. Qb2 Qa4 22. Rd2 Bxc4 23. dxc4 Rxd2 24. Kxd2 Rd8+ 25. Kc1 Qxc4+ 26. Qc2 Qf4+ 27. Kb1 Rd2 28. Rd1 Qb4+ 0-1

[Event "LSS SN-2009-0-00201"]
[Site "LSS email"]
[Date "2009.11.27"]
[Round "?"]
[White "Vontina, Maria"]
[Black "Tr, Ragu"]
[Result "0-1"]
[WhiteElo "639"]
[BlackElo "753"]
[PlyCount "30"]
[EventDate "2009.11.02"]
[EventType "tourn (corr)"]
[EventRounds "6"]
[EventCountry "GER"]
[SourceTitle "Corr 2015"]
[Source "ChessBase"]
[SourceDate "2015.07.17"]
[SourceVersion "1"]
[SourceVersionDate "2015.07.17"]
[SourceQuality "1"]

1. d4 d5 2. c4 Nf6 3. Nc3 dxc4 4. e4 Bg4 5. f3 Bh5 6. Bxc4 Nfd7 7. Nge2 e5 8. Be3 exd4 9. Nxd4 Bd6 10. 0-0 Ne5 11. Bb3 Nbd7 12. Nf5 Rg8 13. Nxd6+ cxd6 14. Qxd6 Qe7 15. Nd5 Qxd6 0-1

[Event "LSS ZN-2009-0-00773"]
[Site "LSS email"]
[Date "2009.10.19"]
[Round "?"]
[White "Tr, Ragu"]
[Black "Dittmer, Lutz Michael"]
[Result "1-0"]
[WhiteElo "834"]
[BlackElo "800"]
[PlyCount "49"]
[EventDate "2009.10.17"]
[EventType "match (corr)"]
[EventRounds "2"]
[EventCountry "GER"]
[SourceTitle "Telechess CBM 137"]
[Source "ChessBase"]
[SourceDate "2010.07.15"]
[SourceVersion "1"]
[SourceVersionDate "2010.07.15"]
[SourceQuality "1"]

1. e4 c5 2. Bc4 Nc6 3. Nf3 Nf6 4. Ng5 e5 5. Nxf7 Qe7 6. Nxh8 Qd6 7. Nf7 Qd4 8. Nd6+ Qxd6 9. d3 b6 10. Nc3 Qd4 11. Nb5 Qxf2+ 12. Kxf2 Bb7 13. Rf1 a6 14. Nc7+ Kd8 15. Nxa8 Bxa8 16. Bg5 h6 17. Bxf6+ gxf6 18. Qh5 Na5 19. Kg1 Nc6 20. Qf7 Bd6 21. Rxf6 Be7 22. Qg8+ Kc7 23. Rxc6+ Kxc6 24. Qxa8+ Kd6 25. Qb8+ 1-0

[Event "LSS ZN-2009-0-00770"]
[Site "LSS email"]
[Date "2009.10.18"]
[Round "?"]
[White "Richter, Klaus"]
[Black "Tr, Ragu"]
[Result "1-0"]
[WhiteElo "800"]
[BlackElo "800"]
[PlyCount "47"]
[EventDate "2009.10.16"]
[EventType "match (corr)"]
[EventRounds "2"]
[EventCountry "GER"]
[SourceTitle "Telechess CBM 137"]
[Source "ChessBase"]
[SourceDate "2010.07.15"]
[SourceVersion "1"]
[SourceVersionDate "2010.07.15"]
[SourceQuality "1"]

1. d4 d5 2. e4 dxe4 3. Nc3 Nf6 4. f3 exf3 5. Nxf3 Bg4 6. h3 Bf5 7. g4 Bg6 8. Ne5 h5 9. g5 Nh7 10. Qf3 c6 11. Bd3 Nxg5 12. Bxg5 Qd6 13. Bxg6 fxg6 14. 0-0-0 Qe6 15. Rhf1 Qf5 16. Qe3 Qe6 17. d5 cxd5 18. Nxd5 Na6 19. Qc5 Rc8 20. Qb5+ Rc6 21. Qxb7 Qc8 22. Nc7+ Qxc7 23. Nxc6 Qxb7 24. Rd8# 1-0

[Event "LSS ZN-2009-0-00770"]
[Site "LSS email"]
[Date "2009.10.18"]
[Round "?"]
[White "Tr, Ragu"]
[Black "Richter, Klaus"]
[Result "0-1"]
[WhiteElo "834"]
[BlackElo "1230"]
[PlyCount "54"]
[EventDate "2009.10.16"]
[EventType "match (corr)"]
[EventRounds "2"]
[EventCountry "GER"]
[SourceTitle "Telechess CBM 137"]
[Source "ChessBase"]
[SourceDate "2010.07.15"]
[SourceVersion "1"]
[SourceVersionDate "2010.07.15"]
[SourceQuality "1"]

1. e4 e5 2. Nc3 Nf6 3. Bc4 Nc6 4. Nf3 Bc5 5. Ng5 0-0 6. d3 d6 7. Bd2 Nd4 8. Nb5 Nxb5 9. Qc1 c6 10. h4 d5 11. exd5 Qb6 12. Be3 cxd5 13. Bb3 a5 14. a4 Bxe3 15. fxe3 Nd6 16. Qd2 Nf5 17. 0-0-0 Nxe3 18. Rde1 d4 19. Nf3 Be6 20. Nxe5 Bxb3 21. cxb3 Rac8+ 22. Kb1 Qxb3 23. Rc1 Nfd5 24. Rxc8 Rxc8 25. Rc1 Nc3+ 26. Rxc3 dxc3 27. Qc1 c2+ 0-1

[Event "LSS ZN-2009-0-00765"]
[Site "LSS email"]
[Date "2009.10.16"]
[Round "?"]
[White "Tr, Ragu"]
[Black "Allwardt, David Lawrence"]
[Result "0-1"]
[WhiteElo "834"]
[BlackElo "802"]
[PlyCount "66"]
[EventDate "2009.10.11"]
[EventType "match (corr)"]
[EventRounds "2"]
[EventCountry "GER"]
[SourceTitle "Telechess CBM 137"]
[Source "ChessBase"]
[SourceDate "2010.07.15"]
[SourceVersion "1"]
[SourceVersionDate "2010.07.15"]
[SourceQuality "1"]

1. e4 c5 2. Bc4 d6 3. Nf3 Nf6 4. Ng5 e6 5. d3 d5 6. exd5 exd5 7. Bb3 Be7 8. c4 d4 9. Nd2 0-0 10. Ndf3 h6 11. Ne4 Nxe4 12. dxe4 Bg4 13. h3 Bxf3 14. Qxf3 Qa5+ 15. Bd2 Qc7 16. Qg4 Nd7 17. Bxh6 Bf6 18. Bf4 Ne5 19. Bxe5 Qxe5 20. 0-0 d3 21. Rab1 Rad8 22. Qf3 d2 23. Qe2 Be7 24. Rfd1 Bd6 25. g3 Bb8 26. Rxd2 Rxd2 27. Qxd2 Qxe4 28. Re1 Qf5 29. Kh2 Be5 30. Qd5 Qxf2+ 31. Qg2 Qxe1 32. Bc2 Rd8 33. Qe4 Qxg3+ 0-1

[Event "LSS ZN-2009-0-00752"]
[Site "LSS email"]
[Date "2009.10.08"]
[Round "?"]
[White "Hendershot, Paul"]
[Black "Tr, Ragu"]
[Result "1-0"]
[WhiteElo "894"]
[BlackElo "834"]
[PlyCount "67"]
[EventDate "2009.10.04"]
[EventType "match (corr)"]
[EventRounds "2"]
[EventCountry "GER"]
[SourceTitle "Telechess CBM 137"]
[Source "ChessBase"]
[SourceDate "2010.07.15"]
[SourceVersion "1"]
[SourceVersionDate "2010.07.15"]
[SourceQuality "1"]

1. e4 e5 2. d3 Bc5 3. Nf3 Nc6 4. c3 Bb6 5. Ng5 h6 6. Be2 hxg5 7. 0-0 d6 8. Nd2 Be6 9. Nf3 g4 10. Ng5 Qd7 11. b4 a6 12. g3 f6 13. Nxe6 Qxe6 14. Bxg4 Qf7 15. Qf3 Nh6 16. Bh5 g6 17. Bg4 f5 18. exf5 Nxf5 19. a4 a5 20. b5 Nce7 21. Qxb7 0-0 22. Rb1 Nd5 23. c4 Rfb8 24. Qxd5 Kg7 25. Qg2 Rh8 26. Bb2 Rh6 27. Qxa8 Rh8 28. Qf3 Qf8 29. h4 Nxh4 30. gxh4 Rxh4 31. Qxf8+ Kxf8 32. Be2 g5 33. Kg2 g4 34. f3 1-0

[Event "LSS OP-2009-0-00936"]
[Site "LSS email"]
[Date "2009.09.11"]
[Round "?"]
[White "Tr, Ragu"]
[Black "Van Esbroeck, Jeff"]
[Result "0-1"]
[WhiteElo "800"]
[BlackElo "1755"]
[PlyCount "59"]
[EventDate "2009.09.02"]
[EventType "tourn (corr)"]
[EventRounds "4"]
[EventCountry "GER"]
[SourceTitle "Telechess CBM 137"]
[Source "ChessBase"]
[SourceDate "2010.07.15"]
[SourceVersion "1"]
[SourceVersionDate "2010.07.15"]
[SourceQuality "1"]

1. e4 e5 2. Nc3 Nc6 3. Bb5 a6 4. Ba4 Nf6 5. d3 Bc5 6. h3 b5 7. Bb3 Qe7 8. Bg5 Nd4 9. Nf3 Bb7 10. Nxd4 Bxd4 11. 0-0 h6 12. Be3 Bxe3 13. fxe3 0-0 14. Rf3 b4 15. Ne2 a5 16. a4 Ra6 17. Ng3 g6 18. h4 h5 19. Nf5 gxf5 20. Rxf5 Kh8 21. Qf3 Rg8 22. Rf1 Rg6 23. Kf2 Bc8 24. Ke2 d5 25. exd5 Bxf5 26. Qxf5 Rxg2+ 27. Ke1 Ng4 28. d6 Qxh4+ 29. Kd1 Nxe3+ 30. Kc1 0-1

[Event "LSS OP-2009-0-00889"]
[Site "LSS email"]
[Date "2009.06.29"]
[Round "?"]
[White "Tr, Ragu"]
[Black "Garcia, Sergio"]
[Result "1/2-1/2"]
[WhiteElo "800"]
[BlackElo "764"]
[PlyCount "107"]
[EventDate "2009.06.25"]
[EventType "tourn (corr)"]
[EventRounds "4"]
[EventCountry "GER"]
[SourceTitle "Corr 2011"]
[Source "ChessBase"]
[SourceDate "2010.08.31"]
[SourceVersion "1"]
[SourceVersionDate "2010.08.31"]
[SourceQuality "1"]

1. e4 c5 2. Bc4 Nc6 3. Nc3 g6 4. d3 Bg7 5. Bf4 d6 6. Nf3 Bg4 7. h3 Bxf3 8. Qxf3 Nd4 9. Qd1 a6 10. 0-0 e5 11. Bg3 Nf6 12. Ne2 Nxe2+ 13. Qxe2 b5 14. Bb3 0-0 15. c4 bxc4 16. Bxc4 Re8 17. a3 Qb6 18. b3 a5 19. Rfb1 Qc6 20. a4 Rab8 21. Bb5 Rxb5 22. axb5 Qxb5 23. h4 h5 24. Ra4 Rc8 25. Qe1 Qxd3 26. Rxa5 Nxe4 27. Qf1 Qxf1+ 28. Rxf1 Nxg3 29. fxg3 f5 30. Rfa1 e4 31. Rd1 Bd4+ 32. Kf1 e3 33. Ke2 Kf7 34. Ra4 Ke6 35. Rd3 Ke5 36. b4 Ke4 37. bxc5 dxc5 38. Ra6 c4 39. Rd1 c3 40. Rc1 c2 41. Ra2 Be5 42. Raxc2 Rxc2+ 43. Rxc2 Bxg3 44. Rc8 f4 45. Rg8 Bxh4 46. Rxg6 Kf5 47. Rg8 Ke4 48. Rh8 Bg3 49. Rxh5 Kd4 50. Rh8 Ke4 51. Ra8 Kf5 52. Kf3 Ke5 53. Ra5+ Kd4 54. Ke2 1/2-1/2